00642nam a2200181Ia 4500952015600000999001700156003000400173005001700177008004100194020001500235040000900250082002200259100002400281245005200305260004400357300000900401942005000410 00102ddc40708ECONOMICS OF LAND & ENERGYaMESbMEScECO d2019-02-20g125.00l0o333.320954 MOR/Ap35541r2019-02-20 00:00:00w2019-02-20yBKzGL6R4 c21447d21447OSt20200519130825.0190216s9999||||xx |||||||||||||| ||und|| a8175363207 coclc a333.320954bMOR/A aMoreland, W H92437 0aAgrarian System Of Moslem India /cW H Moreland bLow Price Publications, c2003.aDelhi: a296p cBK2ddch333.320954iMOR/Ak333.320954mMOR/A